000
00335nam a2200145 a 4500
001
4144
005
20140414132000.0
008
090317s19uu xx 00 eng d
050
_a
TR 428.4
_b
M27 2004
100
_a
Mah, May S. M.
245
_a
Snobby snail and smarty snake.
999
_c
113056
_d
113056